Purdah and the status of Woman in Islam (Record no. 1193)

MARC details
000 -LEADER
fixed length control field 007070000a22002290004500
003 - CONTROL NUMBER IDENTIFIER
control field LK-CoMWRAF
005 - DATE AND TIME OF LATEST TRANSACTION
control field 20231004132024.0
008 - FIXED-LENGTH DATA ELEMENTS--GENERAL INFORMATION
fixed length control field 230817t1974 ||||| |||| 00| 0 eng d
040 ## - CATALOGING SOURCE
Original cataloging agency LK-CoMWRAF
Modifying agency LK-CoMWRAF
Description conventions LK-CoMWRAF
041 ## - LANGUAGE CODE
Language code of text/sound track or separate title English
082 ## - DEWEY DECIMAL CLASSIFICATION NUMBER
Classification number 297
Item number MAU
942 ## - ADDED ENTRY ELEMENTS (KOHA)
Koha item type Books
100 ## - MAIN ENTRY--PERSONAL NAME
Personal name Maududi, Abul Ala
700 ## - ADDED ENTRY--PERSONAL NAME
Personal name Ashʻari,
Relator Term translator
245 ## - TITLE STATEMENT
Title Purdah and the status of Woman in Islam
260 ## - PUBLICATION, DISTRIBUTION, ETC. (IMPRINT)
Place of publication, distribution, etc. New Delhi:
Name of publisher, distributor, etc. Markazi Maktaba Islami,
Date of publication, distribution, etc. 1974
300 ## - PHYSICAL DESCRIPTION
Extent xi,231p.
Other physical details Index included
490 ## - SERIES STATEMENT
Series statement Ishaat-e-islam trust publications
Volume/sequential designation 212
856 ## - ELECTRONIC LOCATION AND ACCESS
Uniform Resource Identifier <a href="https://islamicstudies.info/literature/purdah_status_women_islam.pdf">https://islamicstudies.info/literature/purdah_status_women_islam.pdf</a>
650 ## - SUBJECT ADDED ENTRY--TOPICAL TERM
Topical term or geographic name as entry element PURDAH
650 ## - SUBJECT ADDED ENTRY--TOPICAL TERM
Topical term or geographic name as entry element Muslim women--Conduct of life.
Holdings
Withdrawn status Lost status Damaged status Not for loan Permanent Location Current Location Date acquired Full call number Barcode Koha item type
        Resource center, Muslim Women's Research And Action Forum Resource center, Muslim Women's Research And Action Forum 2023-08-17 297 MAU RAF501 Books
        Resource center, Muslim Women's Research And Action Forum Resource center, Muslim Women's Research And Action Forum 2023-10-04 297 MAU RAF1601 Books

Copyright © 2023 Muslim Women's Research and Action Forum (MWRAF), No 27/3, Anderson Road, Kalubowila, Dehiwela. Funded by The Asia Fundation